Rodovo citlivé rozpočtovanie ako inovatívny nástroj sociálnych zmien diplomová práca

Na minha lista:
Detalhes bibliográficos
Autor principal: Slezáková, Veronika
Autor Corporativo: Národohospodárska fakulta EU. Katedra financií
Outros Autores: Neubauerová, Erika, 1968-
Formato: Livro
Idioma:eslovaco
Publicado em: Bratislava 2014
Tags: Adicionar Tag
Sem tags, seja o primeiro a adicionar uma tag!

MARC

LEADER 00000nbm a2200000 4500
001 0187331
005 20170201085607.1
041 0 |a slo 
044 |a SK 
245 1 0 |a Rodovo citlivé rozpočtovanie ako inovatívny nástroj sociálnych zmien  |b diplomová práca  |c Veronika Slezáková ; školiteľ: Erika Neubauerová 
264 1 |a Bratislava  |c 2014 
300 |a 82 s. 
100 1 |a Slezáková, Veronika 
700 1 |a Neubauerová, Erika, 1968- 
710 2 |a Národohospodárska fakulta EU. Katedra financií